02697nam a2200325 a 4500001001000000003000900010005001700019007001000036008004100046040002200087082002600109092000900135100002500144245008200169250001200251260004200263300004600305500006200351505089100413505075101304650003102055650002402086700002702110910001502137942001202152945002802164952012602192956003802318999001502356000026735DO-SdBNP20220127112340.0000026735110222s2000 dr abc 000 0 spa d aBPMSUbspacBPMSU a901.9bC719h 2000222 a b 1 aColón, Juand1962-10aHistoria de las civilizaciones /cJuan Colón; colaboración Luisa Navarro. a8va ed. aSanto Domingo :bAlfa y Omega,c2000. a142,[22] p. :bil., maps. retr. ;c29 cm. aIncluye datos biográficos del autor en la contraportada2 aPrólogo -- Metodología general de las ciencias sociales -- Historia de las civilizaciones -- Egipto -- Mesopotamia (hoy Irak) -- Persia o Irán-- Fenicia -- Los Hebreos -- La India -- China -- Grecia -- Esparta y Atenas -- Roma -- El critianismo -- La edad Media -- Arabia -- El feudalismo -- El Imperio Carolingio -- El imperio Bizantino -- Las cruzadas -- Grandes cambios de fines de la edad media -- El renacimiento -- Los grandes inventos, los escubrimientos geográficos -- Transformación político social de Europa en la edad moderna. La monarqueía absoluta y la burguesía , economía y comercio-- La reforma religiosa -- La conquista de América y la preponderancia española en el siglo xvi -- La revolución inglesa -- La ilustración y la nuevas ideas políticas, económicas y sociales. El enciclopedismo. El despotismo ilustrados. Difusión en América2 aLa independecia de los Estados Unidos de América -- La época contemporánea -- La revolución francesa. Causas -- Absolutismo y liberalismo en Europa -- La revolución industrial. Consecuencias sociales, económicas y políticas -- El arte de los siglos xvii, y xix, barroco, rococó, neoclacismo y romanticismo, realismo e impresionalismo -- La primera guerra mundial. Antecedentes y causas del conflixto -- El Fascismo y el Nazismo -- La segunda guerra mundial -- La liberación de los pueblos de Asia, Áfricay Oceanía y nacimiento de nuevos países -- La cultura, las ciencias y el avance tecnológico. Desarrollo de las comunicaciones y conquista del espacio -- Caída del Bloque Soviético -- La guerra del golfo pércico 4aCivilización xHistoria  4aHistoria universal 1 aNavarro, Luisaecool.  aVMateo V.  2ddccBK ainventariado, 2018 / dg 00102ddc40708CDaBPMETbBPMETd2015-02-05l0oBPMSU CD 901.9 C719h 2000pBPMSU15041126r2015-02-05t w2015-02-05yBK aVMATEOb10c20110328lBPMSUh0069 c7358d7358